| 000 | 00384nam a2200169Ia 4500 | ||
|---|---|---|---|
| 008 | 141014s9999||||xx |||||||||||||| ||und|| | ||
| 010 | _a22973 | ||
| 020 | _a84-239-0674-4 | ||
| 082 | _a864 E.77 | ||
| 100 | _aAzorin | ||
| 245 | _aRivas y Larra | ||
| 250 | _a3ra Ed | ||
| 260 |
_aEspasa Calpe S.A. EspaƱa _c1973 |
||
| 300 |
_a148 p _c18 cm |
||
| 650 | _aliteratura | ||
| 942 | _cBK | ||
| 999 |
_c23123 _d23123 |
||